000 02693cim a2200457Ka 4500
999 _c3485
_d3485
001 771066534
003 OCoLC
005 20181113172407.0
006 aa bk 000 0
007 sd fsngnnmmneu
008 120106s2011 vaunnnn qr l n eng d
020 _a1598037692
020 _a9781598037692
020 _a9781598037685
020 _a1598037684
028 0 2 _a7330
_bTeaching Company
028 0 2 _aPC7330A
_bTeaching Company
040 _aWIM
_cWIM
_dVVC
_dGO3
_dAKR
082 _a781.17
_bG798G
090 _aMT125
_b.G74 2011 CD
090 _aMT125
_b.G74 2011 CD
100 1 _aGreenberg, Robert,
_d1954-
245 1 4 _aThe 30 greatest orchestral works
_h[sound recording] /
_cRobert Greenberg
246 3 0 _aThirty greatest orchestral works
260 _aChantilly, Va. :
_bTeaching Company,
_cc2011
300 _a32 sound discs :
_bdigital ;
_c4 3/4 in. +
_e1 course guidebook (vi, 197 p. : ill. ; 20 cm.)
490 1 _aGreat courses
500 _aCourse guidebook includes lecture outlines and notes, a time line, glossary, biographical notes, bibliography and discography
505 0 0 _g[v. 1] 1.
_tGame plan and preliminaries --
_g2.
_tVivaldi: The four seasons --
_g3.
_tBach: Brandenburg concerto no. 2 --
_g4.
_tBach: Violin concerto in E major --
_g5.
_tHaydn: Symphony no. 104 --
_g6.
_tMozart: Piano concerto no. 24 in C minor --
_g7.
_tMozart: Symphony in C major, "Jupiter" --
_g8.
_tBeethoven: Symphony no. 3
505 0 0 _g[v. 2] 9.
_tBeethoven: Piano concerto no. 4 --
_g10.
_tBeethoven: Symphony no. 9 --
_g11.
_tSchubert: Symphony no. 9 --
_g12.
_tMendelssohn: "Italian" symphony --
_g13.
_tSchumann: Symphony no. 3 --
_g14.
_tBrahms: Symphony no. 4 --
_g15.
_tBrahms: Violin concerto --
_g16.
_tTchaikovsky: Symphony no. 4
505 0 0 _g[v. 3] 17.
_tTchaikovsky: Violin concerto --
_g18.
_tBedrich Smetana: Ma vlast --
_g19.
_tDvorak: Symphony no. 8 --
_g20.
_tDvorak: Concerto for cello --
_g21.
_tRimsky-Korsakov: Scheherazade --
_g22.
_tRichard Strauss: Thus spoke Zarathustra --
_g23.
_tMahler: Symphony no. 5 --
_g24.
_tRachmaninoff: Symphony no. 2
505 0 0 _g[v. 4] 25.
_tDebussy: La mer --
_g26.
_tStravinsky: The rite of spring --
_g27.
_tIves: Three places in New England --
_g28.
_tHolst: The planets --
_g29.
_tCopland: Appalachian spring --
_g30.
_tShostakovich: Symphony no. 5 --
_g31.
_tShostakovich: Symphony no. 10 --
_g32.
_tThe ones that got away
511 0 _aTaught by: Professor Robert Greenberg, San Francisco Performances
538 _aCompact discs
650 0 _aOrchestral music
_xHistory and criticism
650 0 _aMusic appreciation
650 0 _aMusic
_xInstruction and study
710 2 _aTeaching Company
830 0 _aGreat courses (Compact disc)
942 _2ddc
_cBK